000 00588nam a2200121Ia 4500
008 220615s9999||||xx |||||||||||||| ||und||
100 _aMills, David
245 0 _aDifficult Folk?
_bA Political History of Social Anthropology
546 _aEnglish[eng]
650 _aAnthropology||Twentieth Century Britain||Social problems||Scholarly autonomy||Rivalries
856 _uhttps://library.oapen.org/bitstream/20.500.12657/27517/1/1002490.pdf||https://library.oapen.org/bitstream/20.500.12657/27517/1/1002490.pdf||https://library.oapen.org/bitstream/20.500.12657/27517/1/1002490.pdf
942 _cEB
999 _c9002
_d9002